RECENT advances in surgery 35

Saved in:
Bibliografiske detaljer
Format: Bog
Sprog:engelsk
Udgivet: Japee Brother Medical Publishers 2013
Tags: Tilføj Tag
Ingen Tags, Vær først til at tagge denne postø!

MARC

LEADER 00000nam a22000007a 4500
008 231228b |||||||| |||| 00| 0 eng d
020 |a 9789360903766 
245 |a RECENT advances in surgery 35  |c /edited by Colin D. Johnson, Irving Taylor  |g xiv, 204p;ill 
250 |c Johnson Colin D. 
250 |c Taylor, Irving 
260 J |b Japee Brother Medical Publishers  |c 2013  |h New Delhi  |i 700667  |l RD31.R24  |m Surgery 
500 |a it includes references and index 
942 |a lcc  |c BK  |e Johnson  |f 28/12/23 
952 |0 0  |1 0  |2 lcc  |4 0  |6 RD0031 R24  |7 0  |9 4727  |a HOL  |b HOL  |c QZ  |d 2023-12-28  |l 0  |o RD31.R24  |p 2023-0640  |r 2023-12-28 00:00:00  |w 2023-12-28  |y BK 
999 |c 2370  |d 2370